000 00611nam a2200217Ii 4500
003 JO-AjNU
008 230606s9999||||xx |||||||||||||| ||und||
020 _a0-412-58850-1
040 _aJO-AjNU
_beng
_erda
_cJO-AjNU
041 _aeng
050 1 4 _aHG4026.5.L85 1995
100 3 _aLumby,Steve,
_eauthor
_93289
245 0 0 _aInvestment Appraisal Financial Decisions
250 _aed1
264 3 1 _aLondon: Chapman and Hall,1995
300 _a145p
336 _atext
_btxt
_2rdacontent
337 _aunmediated
_bn
_2rdamedia
338 _avolume
_bnc
_2rdacarrier
650 4 _aInvestment Appraisal
_93290
999 _aE1720
_c1720
_d1720